| 000 | 01336cam a2200397 4500 | ||
|---|---|---|---|
| 001 | M28 | ||
| 008 | 090401t1991 xxu||||| |||| 00| 0 eng d | ||
| 035 | _a(Sirsi) u39443 | ||
| 041 | _aeng | ||
| 050 | _a333.335094 | ||
| 090 | _aRICS 1991/18A | ||
| 110 | _aCentral Association of Agricultural Valuers | ||
| 245 | _aJoint RICS/CAAV annual conference 1991. Agricultural valuation and rural practice surveying: the European dimension. Held at New Connaught Rooms WC2, 9 January 1991 | ||
| 260 |
_aLondon _bICC _c1991 |
||
| 300 | _a7 papers | ||
| 350 | _a0 | ||
| 520 | _aIncludes synopses of other papers, list of participants and biographical details. No loan copies of papers available. | ||
| 650 | _aABOUT RICS-RICS MEMBERS | ||
| 650 | _aCOMMON AGRICULTURAL POLICY | ||
| 650 | _aEUROPE | ||
| 650 | _aFARMING | ||
| 650 | _aFARMLAND | ||
| 650 | _aSINGLE MARKET | ||
| 650 |
_aValuation _96273 |
||
| 700 | _aChampness, Peter | ||
| 700 | _aElgar, David | ||
| 700 | _aHosking, John | ||
| 700 | _aLauriston, Comte Louis de | ||
| 700 |
_aPlumb of Coleshill, Charles Henry Plumb _dBaron _c1925- |
||
| 700 | _aStarkey, Sir John | ||
| 700 | _aYorke, David | ||
| 710 |
_aInstitution and College Conferences _92330 |
||
| 710 |
_aRoyal Institution of Chartered Surveyors _94900 |
||
| 942 | _n0 | ||
| 948 | _c04/03/1997 | ||
| 999 |
_c90774 _d90774 |
||